000 01455cam a2200349 a 4500
999 _c129987
_d129987
001 12400955
003 ARRUPE
005 20191112114512.0
008 010507s2000 sa b 000 0 eng d
010 _a 2001385024
020 _a1919810145
035 _a(OCoLC)ocm48577715
040 _aGZM
_cGZM
_dDLC
042 _alccopycat
050 0 0 _aJQ1875.A55
_bP647 2000
082 0 0 _a320.6/096
_222
245 0 0 _aPutting people first :
_bAfrican priorities for the UN Millennium Assembly /
_cedited by Pandelani Mathoma, Greg Mills, and John Stremlau.
260 _aJohannesburg :
_bSouth African Institute of International Affairs,
_cc2000.
300 _axii, 129 p. ;
_c21 cm.
500 _a"This work was carried out with the aid of a grant from the International Development Research Centre, Ottawa, Canada."
504 _aIncludes bibliographical references.
650 0 _aPolitical planning
_zAfrica.
_948556
651 0 _aAfrica
_xPolitics and government
_y1960-
_948557
700 1 _aMathoma, Pandelani.
_948558
700 1 _aMills, Greg,
_cDr.
_948435
700 1 _aStremlau, John J.
_948559
710 2 _aInternational Development Research Centre (Canada)
_948479
710 2 _aSouth African Institute of International Affairs.
_948560
906 _a7
_bcbc
_ccopycat
_d3
_encip
_f20
_gy-gencatlg
942 _2lcc
_cMONOGRAPH